<?xml version="1.0" encoding="UTF-8"?>
<collection xmlns="http://www.loc.gov/MARC21/slim">
<record>
  <controlfield tag="001">241685</controlfield>
  <controlfield tag="005">20230214173915.0</controlfield>
  <datafield tag="024" ind1="7" ind2=" ">
    <subfield code="a">G:(EU-Grant)957286</subfield>
    <subfield code="d">957286</subfield>
    <subfield code="2">CORDIS</subfield>
  </datafield>
  <datafield tag="024" ind1="7" ind2=" ">
    <subfield code="a">G:(EU-Call)H2020-ICT-2020-1</subfield>
    <subfield code="d">H2020-ICT-2020-1</subfield>
    <subfield code="2">CORDIS</subfield>
  </datafield>
  <datafield tag="024" ind1="7" ind2=" ">
    <subfield code="a">corda__h2020::957286</subfield>
    <subfield code="2">originalID</subfield>
  </datafield>
  <datafield tag="035" ind1=" " ind2=" ">
    <subfield code="a">G:(EU-Grant)957286</subfield>
  </datafield>
  <datafield tag="150" ind1=" " ind2=" ">
    <subfield code="a">Secure and Seamless Edge-to-Cloud Analytics</subfield>
    <subfield code="y">2021-01-01 - 2023-12-31</subfield>
  </datafield>
  <datafield tag="372" ind1=" " ind2=" ">
    <subfield code="a">H2020-ICT-2020-1</subfield>
    <subfield code="s">2021-01-01</subfield>
    <subfield code="t">2023-12-31</subfield>
  </datafield>
  <datafield tag="450" ind1=" " ind2=" ">
    <subfield code="a">ELEGANT</subfield>
    <subfield code="w">d</subfield>
    <subfield code="y">2021-01-01 - 2023-12-31</subfield>
  </datafield>
  <datafield tag="510" ind1="1" ind2=" ">
    <subfield code="0">I:(DE-588b)5098525-5</subfield>
    <subfield code="a">European Union</subfield>
    <subfield code="2">CORDIS</subfield>
  </datafield>
  <datafield tag="680" ind1=" " ind2=" ">
    <subfield code="a">ELEGANT aims to solve the ever-increasing problem of software fragmentation in the IoT/Big Data interoperability domain.
Software fragmentation prohibits the unification of these two ecosystems severely limiting the ability to regard them as a single system and tune the whole infrastructure towards defining its
a) Performance, b) Energy Efficiency, c) Security, d) Reliability, and d) Dependability (PESRD) requirements.
ELEGANT proposes a novel software programming paradigm, along with an associated set of methodologies and toolchains, to program IoT and Big Data frameworks using a unified programming framework.
Its key proposed innovations in the areas of: a) Light-weight application virtualization, b) Automatic code extraction compatible with both IoT and Big Data frameworks, c) AI-assisted Intelligent Orchestration, d) dynamic code motion, and e) advanced code verification and cybersecurity mechanisms, will enable the seamless operation of end-to-end IoT/Big Data complex systems.
This way, users employing the ELEGANT software stack and methodologies will be able to seamlessly define the pareto-optimal point in the PESRD optimization space while the entire system will be able to dynamically adjust itself during execution.
To achieve its ambitious goals, ELEGANT assembles a consortium of experts across all domains ranging from low-level system software, IoT, Big Data, AI-assisted scheduling, and DevOps. 
Finally, the proposed solutions will be evaluated against pre-defined KPIs across a wide range of operational use cases from four distinct domains: health, automotive, smart metering, and video surveillance.</subfield>
  </datafield>
  <datafield tag="909" ind1="C" ind2="O">
    <subfield code="o">oai:juser.fz-juelich.de:898125</subfield>
    <subfield code="p">authority:GRANT</subfield>
    <subfield code="p">authority</subfield>
  </datafield>
  <datafield tag="980" ind1=" " ind2=" ">
    <subfield code="a">G</subfield>
  </datafield>
  <datafield tag="980" ind1=" " ind2=" ">
    <subfield code="a">CORDIS</subfield>
  </datafield>
  <datafield tag="980" ind1=" " ind2=" ">
    <subfield code="a">AUTHORITY</subfield>
  </datafield>
  <datafield tag="909" ind1="C" ind2="O">
    <subfield code="o">oai:juser.fz-juelich.de:898125</subfield>
  </datafield>
</record>
</collection>